00886cam a2200241 a 450000100100000000500170001000800410002702000150006802000150008303500190009804000300011705000160014708200230016310000420018624501130022826000470034130000280038865000440041691000340046004900090049495201260050399900150062900000167120200929145645.0760429s1975 onca 000 0 eng  a0770513204 a0770513492 a(DLC) 76359636 aDO-SdBNPcDLCdDLCdBNPHU00aE78.C2bD43 a971/.004/97bD515n1 aDewdney, Selwyn H.,d1909-1979.9543210aThey shared to survive :bthe native peoples of Canada /cSelwyn Dewdney ; ilustración, Franklin Arbuckle. aToronto, (Canadá) :bMacmillian,cc1975. a210 p. :bil. ;c24 cm. 0aIndians of north americazCanada.95433 aCatalogación por copia / LC aBNGR 001052708MOaGRbGRcHDd2009-09-22iLF1l0o971/.004/97 D515np1671-10r2020-06-25w2020-06-25y2ZPréstamo interno c1552d1552